000
00264nam a2200097Ia 4500
005
20250424112922.0
008
250424s9999 xx 000 0 und d
300
_a
vii, 215p.; ill.; 24cm
650
_a
Nigeria--Languages--Study and teaching--Periodicals.
942
_c
SR
999
_c
37875
_d
37875